000 00467nam a2200181Ia 4500
005 20250317131101.0
008 008 250317s9999 xx 000 0 eng d
037 _aTextbook
040 _aFMSL
_beng
_cFMSL
041 _aeng
_2eng
084 _qFMSL
100 _aCarlton E
_9738961
245 0 _aIdeology and social order
260 _aRouledge
_bRouledge, & Kegan Paul
_c1977
300 _a335p
942 _cTB
999 _c1266600
_d1266600